| 000 | 00548cam a22002054a 4500 | ||
|---|---|---|---|
| 020 | _a1410920178 | ||
| 020 | _a9781410920171 | ||
| 020 | _a1410920240 | ||
| 020 | _a9781410920249 | ||
| 040 | _cDLC | ||
| 082 | 0 | 0 | _a597 RAI 2006 C151 Or. |
| 100 | 1 | _aPyers, Greg. | |
| 245 | 1 | 0 | _aWhy am I a reptile? / |
| 260 |
_aChicago, Ill. : _bRaintree, _cc2006. |
||
| 300 |
_a32 p. : _bcol. ill. ; _c27 cm. |
||
| 490 | 1 | _aClassifying animals | |
| 650 | 0 | _aReptiles | |
| 856 | 4 | 1 | _uhttp://www.loc.gov/catdir/toc/ecip0511/2005012258.html |
| 942 | _cAEDBB | ||
| 999 |
_c18696 _d18696 |
||